000 01426cam a2200349 a 4500
001 EDZ0000084956
003 StDuBDS
005 20161031105102.0
006 m||||||||d||||||||
007 cr |||||||||||
008 120516s2006 enka fo| 001|0|eng d
020 _a9781446218570 (ebook) :
_cNo price
040 _aStDuBDS
_beng
_cStDuBDS
_epn
049 _aAlfaisal Main Library
050 0 _aHD6955
_b.W65 2006
082 0 4 _a306.36
_223
100 1 _aWolkowitz, Carol.
245 1 0 _aBodies at work
_h[electronic resource] /
_cCarol Wolkowitz.
260 _aLondon :
_bSAGE,
_cc2006.
300 _a1 online resource (213 p.) :
_bill.
520 8 _a'Bodies At Work' begins by establishing key concerns in both the sociology of the body and the sociology of work. Drawing on existing research, the author proceeds to examine a wide range of employment relations: industrial employment, customer relations, health practice, care work, the beauty industry, and sex work.
521 _aSpecialized.
588 _aDescription based on print version record.
504 _aIncludes bibliographical references and index.
650 0 _aHuman body.
650 0 _aIndustrial sociology.
655 7 _aElectronic books.
_2local
710 2 _aSage eBooks
776 0 8 _iPrint version :
_z9780761960645
856 4 0 _uhttp://ezproxy.alfaisal.edu/login?url=http://sk.sagepub.com/books/bodies-at-work
942 _2lcc
_cEBOOKS
999 _c479079
_d479079